000 00659nam a2200241 i 4500
001 C2-0223430
003 PPAK
005 20180728152311.0
008 000214s1988 my a|||| ||||| | may d
020 _a9836205616
040 _aPPAK
_beng
_cPPAK
_erda
082 0 4 _a593.1
_223
090 0 0 _a593.1
_bBAK
_dKIH
100 1 _aBaker, John R.,
_eauthor
245 1 0 _aBiologi protozoa parasit
264 1 _aKuala Lumpur :
_bDewan Bahasa dan Pustaka ,
_c1988
300 _aix, 66 pages :
_billustrations ;
_c21 cm
336 _2rdacontent
_atext
337 _2rdamedia
_aunmediated
338 _2rdacarrier
_avolume
650 1 0 _aProtozoa
942 _ddc
_cB
999 _c144576
_d144576